| 000 | 00593nam a2200205Ii 4500 | ||
|---|---|---|---|
| 003 | JO-AjNU | ||
| 008 | 230605s9999||||xx |||||||||||||| ||und|| | ||
| 040 |
_aJO-AjNU _bara _erda _cJO-AjNU |
||
| 041 | _aara | ||
| 050 | 1 | 4 | _aHF5549 1989 |
| 100 | 3 |
_aسونغ، كيم ايل, _eauthor _957683 |
|
| 245 | 0 | 0 | _aحول العمل الشبابي |
| 250 | _aط1 | ||
| 264 | 3 | 1 | _aكوريا:بيونغ يانغ،1989 |
| 300 | _a171ص | ||
| 336 |
_atext _btxt _2rdacontent |
||
| 337 |
_aunmediated _bn _2rdamedia |
||
| 338 |
_avolume _bnc _2rdacarrier |
||
| 650 | 4 |
_aالعمل-الشباب _957684 |
|
| 999 |
_aA25864 _c29432 _d29432 |
||